LEADER 00965nam0 2200349 450 001 9910422558803321 005 20201113123751.0 010 $a978-88-238-2303-7 100 $a20201113d2020----km y0itay50 ba 101 0 $aita 102 $aIT 105 $aa 001yy 200 1 $aImprese e sistemi turistici$fValentina Della Corte 205 $a3. ed. 210 $aMilano$cEgea$d2020 215 $aXV, 450 p.$cill. 225 1 $a<>manuali$v174 610 0 $aTurismo$aEconomia 676 $a338.4791$v23$zita 700 1$aDella Corte,$bValentina$0145259 801 0$aIT$bUNINA$gRICA$2UNIMARC 901 $aBK 912 $a9910422558803321 952 $aAZTUR64A$b3013$fDECBC 952 $aAZTUR64B$b3014$fDECBC 952 $aAZTUR64C$b3015$fDECBC 952 $aAZTUR64D$b3016$fDECBC 952 $aAZTUR64E$b3017$fDECBC 952 $aAZTUR64F$b3018$fDECBC 959 $aDECBC 996 $aImprese e sistemi turistici$967784 997 $aUNINA LEADER 03265oam 2200733I 450 001 9910457084103321 005 20200520144314.0 010 $a1-134-19687-3 010 $a1-134-19688-1 010 $a1-282-57637-2 010 $a9786612576379 010 $a0-203-86633-9 024 7 $a10.4324/9780203866337 035 $a(CKB)2550000000006711 035 $a(EBL)481013 035 $a(OCoLC)609649551 035 $a(SSID)ssj0000357466 035 $a(PQKBManifestationID)11262998 035 $a(PQKBTitleCode)TC0000357466 035 $a(PQKBWorkID)10352908 035 $a(PQKB)10343142 035 $a(MiAaPQ)EBC481013 035 $a(MiAaPQ)EBC4977147 035 $a(Au-PeEL)EBL481013 035 $a(CaPaEBR)ebr10370226 035 $a(OCoLC)609649551 035 $a(Au-PeEL)EBL4977147 035 $a(CaONFJC)MIL257637 035 $a(EXLCZ)992550000000006711 100 $a20180706d2010 uy 0 101 0 $aeng 135 $aur|n|---||||| 181 $ctxt 182 $cc 183 $acr 200 10$aBusiness continuity management $ea crisis management approach /$fDominic Elliott, Ethne Swartz, and Brahim Herbane 205 $a2nd ed. 210 1$aNew York, N.Y. :$cRoutledge,$d2010. 215 $a1 online resource (347 p.) 300 $aDescription based upon print version of record. 311 $a0-415-37109-0 311 $a0-415-37108-2 320 $aIncludes bibliographical references and index. 327 $aBook Cover; Title; Copyright; Contents; Preface; 1 Continuity Management in Historical Context; 2 Legal Drivers and Business Continuity Management Standards; 3 Digital Resilience and Business Continuity Management; 4 Initiating, Redefining and Planning for Business Continuity Management: The Scope of Business Continuity Management; 5 Continuity Analysis and Planning; 6 Embedding Business Continuity Management; 7 Operational Management: Testing, Exercising and Incident Management; 8 Reflections on Past and Future; Notes; Bibliography; Index 330 $aSince the publication of the first edition in 2002, interest in crisis management has been fuelled by a number of events, including 9/11. The first edition of this text was praised for its rigorous yet logical approach, and this is continued in the second edition, which provides a well-researched, theoretically robust approach to the topic combined with empirical research in continuity management. New chapters are included on digital resilience and principles of risk management for business continuity. All chapters are revised and updated with particular attention being paid to the i 606 $aCrisis management 606 $aEmergency management 606 $aBusiness planning 608 $aElectronic books. 615 0$aCrisis management. 615 0$aEmergency management. 615 0$aBusiness planning. 676 $a658.4/056 676 $a658.4056 700 $aElliott$b Dominic$f1963-,$0900089 701 $aHerbane$b Brahim$f1969-$0900090 701 $aSwartz$b Ethne$f1961-$0900091 801 0$bMiAaPQ 801 1$bMiAaPQ 801 2$bMiAaPQ 906 $aBOOK 912 $a9910457084103321 996 $aBusiness continuity management$92010959 997 $aUNINA LEADER 06676nam 22007695 450 001 9910300204203321 005 20251116133850.0 010 $a1-4939-1565-7 024 7 $a10.1007/978-1-4939-1565-1 035 $a(CKB)3710000000329646 035 $a(EBL)1965032 035 $a(OCoLC)903961558 035 $a(SSID)ssj0001424429 035 $a(PQKBManifestationID)11849593 035 $a(PQKBTitleCode)TC0001424429 035 $a(PQKBWorkID)11363889 035 $a(PQKB)10622996 035 $a(DE-He213)978-1-4939-1565-1 035 $a(MiAaPQ)EBC1965032 035 $a(PPN)183516656 035 $a(EXLCZ)993710000000329646 100 $a20150102d2015 u| 0 101 0 $aeng 135 $aur|n|---||||| 181 $ctxt 182 $cc 183 $acr 200 10$aCommon Surgical Diseases $eAn Algorithmic Approach to Problem Solving /$fedited by Theodore J. Saclarides, Jonathan A. Myers, Keith W. Millikan 205 $a3rd ed. 2015. 210 1$aNew York, NY :$cSpringer New York :$cImprint: Springer,$d2015. 215 $a1 online resource (329 p.) 300 $aIncludes index. 311 08$a1-4939-1564-9 327 $aCardiac Clearance for Non-Cardiac Surgery -- Preoperative Evaluation of Bleeding -- Managing Patient's Medications (Diabetes, Beta Blockers, NSAIDS, Anticoagulants) -- The Carotid Bruit -- DVT Prophylaxis -- Initial Trauma Assessment and Resuscitation -- Head Trauma -- Management of the Difficult Airway -- Penetrating Neck Trauma -- Penetrating Chest Trauma -- Penetrating Abdominal Trauma -- Blunt Abdominal Trauma -- Pelvic Fractures -- Traumatic Hematuria -- Extremity Fractures -- Burns -- Chronic Lower Extremity Ischemia -- Algorithmic Approach to the Acute Cold Leg -- Myocardial Infarction -- Abdominal Aortic Aneurysm -- Dialysis Access -- Thyroid Nodules and Malignancy -- Cushing?s Syndrome -- Hyperthyroidism -- Hypercalcemia -- Insulinoma -- Gastrinoma -- Surgical Hypertension: Evaluation and Treatment -- Incidentalomas -- Upper Gastrointestinal Hemorrhage -- Dysphagia -- Esophageal Cancer -- Gastroesophageal Reflux -- Acute Pancreatitis -- Chronic Pancreatitis -- Small Bowel Obstruction -- Ulcer Disease and Helicobacter Pylori -- Ischemic Bowel -- Crohn?s Disease -- Ulcerative Colitis -- Acute Appendicitis -- Diverticulitis -- Large Bowel Obstruction -- Colon Cancer -- Lower Gastrointestinal Hemorrhage -- Genetic Predisposition to Colorectal Cancer -- Rectal Cancer -- Anal Cancer -- Anorectal Pain- Rectal Bleeding -- Rectal Bleeding -- Jaundice -- Liver Mass -- Portal Hypertension -- Carcinoid Disease -- Inguinal Hernia -- Abdominal Wall Defects -- Indications for Renal Transplantation -- Indications for Liver Transplantation and Pre-transplant Evaluation -- Palpable Breast Mass -- Abnormal Mammogram -- Invasive Breast Cancer -- Nipple Discharge -- Ductal Carcinoma in Situ -- Genetic Predisposition to Breast Cancer -- Melanoma -- Solitary Pulmonary Nodules -- Evaluation of the Suspicious Neck Mass -- Hypertrophic Pyloric Stenosis -- Jaundice in the Pediatric Patient -- Pediatric Abdominal Masses -- Esophageal Atresia/Tracheoesophageal Fistula -- Intussusception -- Hirschsprung?s Disease -- Necrotizing Enterocolitis -- Hematuria -- Testicular Mass -- Painful Scrotum -- Acute Gynecologic Pelvic Pain -- Evaluation and Management of Adnexal Masses -- Pelvic Inflammatory Diseases -- Postoperative Glucose Management -- Oliguria -- Postoperative Fever -- Postoperative Chest Pain -- Necrotizing Soft Tissue Infections -- Systemic Inflammatory Response Syndrome (SIRS) and Sepsis. 330 $aWritten by leaders in the field, the third edition of Common Surgical Diseases: An Algorithmic Approach to Problem Solving, provides surgical residents and medical students with a current, concise and algorithmic approach to frequently encountered clinical challenges. Each chapter details every common surgical disease in the form of a succinct text coupled with step-by-step algorithm. It also walks the reader through the evaluation, diagnosis, treatment and follow-up of the most common surgical problems. Thoroughly updated and revised, the third edition focuses on problems most frequently encountered by general surgeons and their residents and students. More factual information is included in the form of charts and tables for quick and easy reference. The section on critical care is updated and expanded. The section on pre-operative considerations has new chapters on how to best manage patient's medications before surgery (anticoagulants, anti-platelet drugs) and prophylaxis of deep venous thrombosis. Other new chapters include access for hemodialysis, adrenal incidentaloma, esophageal cancer, pancreatic cancer, management of abdominal wall defects, hyperglycemia, necrotizing soft tissue infections and SIRS/sepsis. Especially pertinent in todays' medical environment is an understanding of the genetic component of certain cancers and chapters are devoted to screening and treating patients with genetic predispositions to colorectal and breast cancer. 606 $aSurgery 606 $aAbdomen$xSurgery 606 $aRectum?Surgery  606 $aTransplantation of organs, tissues, etc 606 $aBlood-vessels$xSurgery 606 $aGeneral Surgery$3https://scigraph.springernature.com/ontologies/product-market-codes/H59044 606 $aAbdominal Surgery$3https://scigraph.springernature.com/ontologies/product-market-codes/H5901X 606 $aColorectal Surgery$3https://scigraph.springernature.com/ontologies/product-market-codes/H59036 606 $aTransplant Surgery$3https://scigraph.springernature.com/ontologies/product-market-codes/H59117 606 $aVascular Surgery$3https://scigraph.springernature.com/ontologies/product-market-codes/H59133 615 0$aSurgery. 615 0$aAbdomen$xSurgery. 615 0$aRectum?Surgery . 615 0$aTransplantation of organs, tissues, etc. 615 0$aBlood-vessels$xSurgery. 615 14$aGeneral Surgery. 615 24$aAbdominal Surgery. 615 24$aColorectal Surgery. 615 24$aTransplant Surgery. 615 24$aVascular Surgery. 676 $a610 676 $a617 676 $a617.55059 676 $a617.555 702 $aSaclarides$b Theodore J$4edt$4http://id.loc.gov/vocabulary/relators/edt 702 $aMyers$b Jonathan A.$4edt$4http://id.loc.gov/vocabulary/relators/edt 702 $aMillikan$b Keith W.$4edt$4http://id.loc.gov/vocabulary/relators/edt 712 02$aSpringer (Firm), 906 $aBOOK 912 $a9910300204203321 996 $aCommon Surgical Diseases$91760738 997 $aUNINA